[Event "Techirghiol op"]
[Site "Techirghiol"]
[Date "1999.??.??"]
[Round "?"]
[White "Barzanu, Iulian"]
[Black "Moscaliuc, Alexandru"]
[Result "0-1"]
[WhiteElo "2145"]
[BlackElo "2231"]
[PlyCount "96"]
[EventDate "1999.??.??"]
[EventType "swiss"]
[EventRounds "9"]
[EventCountry "ROU"]
[SourceTitle "EXT 2004"]
[Source "ChessBase"]
[SourceDate "2003.11.25"]
[SourceVersion "1"]
[SourceVersionDate "2003.11.25"]
[SourceQuality "1"]

1. e4 e5 2. Nf3 Nc6 3. Bc4 Nf6 4. Ng5 d5 5. exd5 Nd4 6. c3 b5 7. cxd4 bxc4 8. dxe5 Nxd5 9. Qa4+ Bd7 10. Qxc4 Qxg5 11. Qxd5 c6 12. Qe4 Rc8 13. 0-0 Bf5 14. Qe3 Qg6 15. Nc3 Be7 16. d4 0-0 17. Qg3 Qe6 18. Bg5 f6 19. Be3 Rb8 20. b3 Ba3 21. Rad1 a5 22. Bf4 Rbd8 23. Rfe1 Bb4 24. exf6 Qxf6 25. Bg5 Qf7 26. Bxd8 Rxd8 27. Re3 h6 28. Ne4 c5 29. f3 cxd4 30. Red3 Qe6 31. Rxd4 Rxd4 32. Rxd4 Qb6 33. Qe5 Bxe4 34. Qe8+ Bf8 35. Qxe4 Bc5 36. Qe8+ Kh7 37. Qe4+ g6 38. Kf1 Bxd4 39. Qe7+ Bg7 40. Qe2 Qc7 41. g3 Qc1+ 42. Qe1 Qxe1+ 43. Kxe1 Kg8 44. Kd1 Kf7 45. Kc2 Ke6 46. a3 Kd5 47. Kd3 Bb2 48. b4 a4 0-1

[Event "Techirghiol op-A"]
[Site "Techirghiol"]
[Date "1998.??.??"]
[Round "?"]
[White "Moscaliuc, Alexandru"]
[Black "Nanu, Ciprian Costica"]
[Result "0-1"]
[WhiteElo "2195"]
[BlackElo "2325"]
[PlyCount "86"]
[EventDate "1998.09.??"]
[EventType "swiss"]
[EventRounds "9"]
[EventCountry "ROU"]
[SourceTitle "EXT 2000"]
[Source "ChessBase"]
[SourceDate "1999.11.16"]
[SourceVersion "1"]
[SourceVersionDate "1999.11.16"]
[SourceQuality "1"]

1. e4 c5 2. Nf3 Nc6 3. d4 cxd4 4. Nxd4 Nf6 5. Nc3 e5 6. Ndb5 d6 7. Bg5 a6 8. Na3 b5 9. Nd5 Be7 10. Bxf6 Bxf6 11. c3 Bb7 12. Nc2 Nb8 13. a4 bxa4 14. Rxa4 Nd7 15. b4 0-0 16. Nce3 a5 17. Be2 Bg5 18. Nc4 axb4 19. cxb4 Nf6 20. Rxa8 Qxa8 21. Nxf6+ Bxf6 22. f3 Bh4+ 23. g3 Be7 24. 0-0 Rd8 25. Qa1 d5 26. exd5 Qxa1 27. Rxa1 Bxb4 28. Nxe5 Bc3 29. Rb1 Bxd5 30. Rd1 Ba5 31. Bc4 Bb6+ 32. Kg2 Bxf3+ 33. Kxf3 Rxd1 34. Bxf7+ Kf8 35. Bc4 Ke7 36. h4 Bc7 37. Nd3 Rg1 38. Nf4 Bxf4 39. Kxf4 Kf6 40. g4 h6 41. h5 Rb1 42. Bd3 Rb4+ 43. Be4 Ra4 0-1

[Event "Deva tt"]
[Site "Deva"]
[Date "1998.??.??"]
[Round "9"]
[White "Moscaliuc, Alexandru"]
[Black "Scurhan, Gheorghe"]
[Result "1-0"]
[WhiteElo "2195"]
[BlackElo "2150"]
[PlyCount "121"]
[EventDate "1998.07.??"]
[EventType "team"]
[EventRounds "9"]
[EventCountry "ROU"]
[SourceTitle "EXT 2004"]
[Source "ChessBase"]
[SourceDate "2003.11.25"]
[SourceVersion "1"]
[SourceVersionDate "2003.11.25"]
[SourceQuality "1"]

1. c4 f5 2. Nc3 Nf6 3. d3 g6 4. g3 Bg7 5. Bg2 d6 6. Nh3 0-0 7. 0-0 e5 8. Nd5 c6 9. Nxf6+ Qxf6 10. Bg5 Qf7 11. Bd2 h6 12. f4 e4 13. Qc1 d5 14. dxe4 fxe4 15. cxd5 cxd5 16. e3 Be6 17. Bc3 Rc8 18. Qd2 Nd7 19. Rac1 Nc5 20. Nf2 Rc6 21. Bxg7 Qxg7 22. b4 Nd7 23. Rxc6 bxc6 24. Rc1 Rc8 25. Nd1 Qe7 26. Bf1 c5 27. bxc5 Rxc5 28. Qb4 Kf7 29. Rxc5 Qxc5 30. Qxc5 Nxc5 31. Nc3 Ke7 32. Kf2 a6 33. Ke1 Kd6 34. Kd2 Bd7 35. Be2 h5 36. Bf1 Nd3 37. Be2 Nc5 38. Bf1 Bc8 39. Ne2 Ne6 40. Bh3 Bd7 41. Bxe6 Bxe6 42. Nd4 Bd7 43. Kc3 Ba4 44. Kb4 Bd7 45. Nb3 Bb5 46. Kc3 Bc4 47. Kd4 a5 48. Nxa5 Bxa2 49. Nb7+ Kc7 50. Nc5 Kd6 51. Na4 Bb3 52. Nc3 Ke6 53. h3 Kd6 54. g4 hxg4 55. hxg4 Kc6 56. Ke5 Bc4 57. g5 Kc5 58. f5 gxf5 59. g6 f4 60. g7 d4 61. exd4+ 1-0